000 01085nam a2200313Mi 4500
001 50429
005 20230411090002.0
008 070329s2007 sp 000 0 spa d
035 _a(OCoLC)ocn122935644
040 _aPL#
_bspa
_cPL#
020 _a8430606262
020 _a9788430606269
029 0 _aPL#
_b070000041
035 _a(OCoLC)122935644
049 _aGRAL
100 1 _aMisch, Rochus.
245 1 0 _aYo fui guardaespaldas de Hitler, 1940-1945 /
_cRochus Misch ; testimonio recogido por Nicolas Bourcier ; traducción de Núria Petit.
260 _aMadrid :
_bTaurus,
_cc2007.
300 _a302 p. ;
_c22 cm.
500 _aTítulo original: J'étais garde du corps d'Hitler. -- Publ. en catalán: Lleida : Pagáes ed., 2006.
653 _aMisch, Rochus, 1918.
653 _aGuerra mundial, 1939-1945
_aAlemania
_aMemorias y recuerdos.
653 _aHitler, Adolf
_aMuerte y entierro.
700 1 _aBourcier, Nicolas,
_eed.
700 1 _aPetit, Núria,
_etr.
938 _aPuvill Libros
_bPUVL
_n9788430606269
_c$31.78
942 _2lcc
_cbk
994 _aC0
_bDRFGD
999 _c110445
_d110445